|
|
|
|
| LEADER |
00000ckm a2200000 a 4500 |
| 001 |
vtls001200438 |
| 003 |
SK-MaSNL |
| 005 |
20260331203200.0 |
| 007 |
kf co |
| 008 |
180703s1987 xo g 0kuslo |
| 015 |
|
|
|a SNBG1987
|
| 035 |
|
|
|a SNK000143507
|
| 040 |
|
|
|a SNK
|b slo
|c SNK
|e AACR2
|
| 041 |
0 |
|
|a slo
|
| 043 |
|
|
|a e-xo---
|
| 044 |
|
|
|a xo
|c SK
|
| 072 |
|
7 |
|a 913
|x Regionálna geografia
|2 konspekt
|
| 080 |
|
|
|a 913(437.6)
|2 2011
|
| 080 |
|
|
|a (084.121)
|2 2011
|
| 080 |
|
|
|a 556.53
|2 2011
|
| 080 |
|
|
|a 502.51
|2 2011
|
| 080 |
|
|
|a 726.233‑523
|2 2011
|
| 080 |
|
|
|a 721
|2 2011
|
| 080 |
|
|
|a 728.222
|2 2011
|
| 080 |
|
|
|a 725
|2 2011
|
| 080 |
|
|
|a 908(437.6)
|2 2011
|
| 080 |
|
|
|a (282.243)
|2 2011
|
| 080 |
|
|
|a 911.2(23.0)
|2 2011
|
| 100 |
1 |
|
|a Lorenc, František
|c (fotograf)
|4 pht
|9 177742
|
| 245 |
1 |
0 |
|a Nižná na Orave
|h grafika
|c foto František Lorenc
|
| 246 |
1 |
|
|i Názov na obrazovej časti:
|a Nižná na Orave
|
| 260 |
|
|
|a Bratislava
|b Pravda
|c 1987
|e [Bratislava]
|f TZP-B
|
| 300 |
|
|
|a 1 pohľadnica (4 čiastkové pohľady)
|b farebná
|c 11 x 15 cm
|
| 500 |
|
|
|a Na adresnej časti uvedené: "Nižná na Orave - obec leží na pravom brehu Oravy. Od r. 1957 n. p. Tesla Orava postupne dospel k výrobe farebných televízorov a počítacích systémov"
|
| 520 |
8 |
|
|a Zobrazenie: Štyri čiastkové pohľady, každý v bielom orámovaní, všetky spolu v striebornom orámovaní. V prvom pohľade je hore vodorovne čiernym písmom názov. V strede je medzi pohľadmi strieborný kosoštvorec. Pohľad na obec zdiaľky, v popredí sú vrcholky korún vysokých listnatých stromov. Za nimi je rieka. V pozadí vidno poschodové budovy a ostatné budovy obce. V diaľke sú lúky a hory. Pohľad na rotundu a priľahlú budovu vpravo. V popredí je prázdna cesta, vľavo parkujú osobné autá. Vpravo hore zasahuje do záberu konár listnatého stromu. Pohľad na poschodovú budovu vpravo v pozadí. Vľavo v popredí vidno tri zaparkované osobné autá, za nimi je trávnatá plocha. Pohľad na rad poschodových bytových domov vpravo vedľa cesty. Vpravo je pred nimi nízka budova obchodu. Pred budovami sú listnaté stromy a vysoké pouličné lampy
|
| 650 |
0 |
7 |
|a rieky
|2 SNKPH
|9 29644
|
| 650 |
0 |
7 |
|a hory
|2 SNKPH
|9 55651
|
| 650 |
0 |
7 |
|a rotundy
|2 SNKPH
|9 26240
|
| 650 |
0 |
7 |
|a budovy
|2 SNKPH
|9 1283
|
| 650 |
0 |
7 |
|a bytové domy
|2 SNKPH
|9 31781
|
| 650 |
0 |
7 |
|a obchody
|2 SNKPH
|9 3004
|
| 651 |
|
7 |
|a Nižná (Tvrdošín, Slovensko)
|2 SNKPHgeo
|9 120117
|
| 651 |
|
7 |
|a Orava (Slovensko : rieka)
|2 SNKPHgeo
|9 70927
|
| 655 |
|
7 |
|a miestne pohľadnice
|2 SNKPH
|9 70510
|
| 655 |
|
7 |
|a geografické pohľadnice
|2 SNKPH
|9 70522
|
| 852 |
|
|
|a Slovenská národná knižnica
|
| 954 |
|
|
|a pohľadnice pôvodné (slovenské)
|2 lita
|
| 958 |
|
|
|a GBN
|
| 958 |
|
|
|a GC
|
| 958 |
|
|
|a OND
|
| 999 |
|
|
|c 1031256
|d 1033186
|
| 952 |
|
|
|a SNK
|b SNK
|y PREZ
|7 0
|p 17A1408727
|o snkSP 138951
|i snk889/88
|0 0
|1 0
|4 0
|d 2022-03-22
|f 1
|l 0
|r 2026-02-24 13:54:16
|w 2026-02-24
|
| 952 |
|
|
|a SNK
|b SNK
|y PREZ
|7 0
|p 17A1408728
|o snkSP 138951 D1
|i snk890/88
|0 0
|1 0
|4 0
|d 2022-03-22
|l 0
|r 2026-02-24 13:54:16
|w 2026-02-24
|